LEADER 01457nam 2200349 450 001 996279561703316 005 20231206190628.0 010 $a0-7381-0894-4 024 7 $a10.1109/IEEESTD.1989.94810 035 $a(CKB)3780000000089278 035 $a(NjHacI)993780000000089278 035 $a(EXLCZ)993780000000089278 100 $a20231206d1989 uy 0 101 0 $aeng 135 $aur||||||||||| 181 $ctxt$2rdacontent 182 $cc$2rdamedia 183 $acr$2rdacarrier 200 10$aANSI/IEEE Std C37.90-1989 $eIEEE Standard for Relays and Relay Systems Associated with Electric Power Apparatus /$fInstitute of Electrical and Electronics Engineers 210 1$aNew York, New York :$cIEEE,$d1989. 215 $a1 online resource (12 pages) 330 $aSuperseded by IEEE Std C37.90-2005 This standard applies to relay systems that protect and control apparatus that generate, and distribute and use electric power. This standard defines service conditions and specifies relay performance requirements and performance information that relay manufacturers shall provide. 517 $aANSI/IEEE Std C37.90-1989: IEEE Standard for Relays and Relay Systems Associated With Electric Power Apparatus 606 $aProtective relays 615 0$aProtective relays. 676 $a621.317 801 0$bNjHacI 801 1$bNjHacl 906 $aDOCUMENT 912 $a996279561703316 996 $aANSI$92072434 997 $aUNISA LEADER 03255nam 2200685 450 001 9910788804103321 005 20230803200432.0 010 $a3-11-036993-1 010 $a3-11-039280-1 024 7 $a10.1515/9783110369939 035 $a(CKB)3360000000515468 035 $a(EBL)1727145 035 $a(SSID)ssj0001402341 035 $a(PQKBManifestationID)11884359 035 $a(PQKBTitleCode)TC0001402341 035 $a(PQKBWorkID)11358120 035 $a(PQKB)11255199 035 $a(MiAaPQ)EBC1727145 035 $a(DE-B1597)429414 035 $a(OCoLC)898769870 035 $a(OCoLC)951147583 035 $a(DE-B1597)9783110369939 035 $a(Au-PeEL)EBL1727145 035 $a(CaPaEBR)ebr11013943 035 $a(CaONFJC)MIL807956 035 $a(EXLCZ)993360000000515468 100 $a20150210h20142014 uy 0 101 0 $ager 135 $aur|n|---||||| 181 $ctxt 182 $cc 183 $acr 200 10$aKritik der westlichen Philosophie in Iranhhari $ezum geistesgeschichtlichen Selbstversta?ndnis von Muhammad Husayn Tabataba'i und Murtaza Mutahhari /$fUrs Go?sken 210 1$aBerlin, [Germany] :$cWalter de Gruyter GmbH,$d2014. 210 4$d©2014 215 $a1 online resource (494 p.) 225 0 $aWelten des Islams/Worlds of Islam/Mondes de l'Islam ;$vBand 6 300 $aDescription based upon print version of record. 311 $a3-11-036996-6 311 $a3-11-037515-X 320 $aIncludes bibliographical references. 327 $t Frontmatter -- $tDanksagung -- $tInhaltsverzeichnis -- $t1. Vorbemerkungen -- $t2. ?ab??ab???s Leben und Wirken -- $t3. ?ab??ab???s und Mu?ahhar?s Westbetrachtung im Zeichen des vierten Weges anhand des Werkes Die Prinzipien der Philosophie und die Methode des Realismus -- $t3.1 "Was ist Philosophie?" - und was nicht? -- $t3.2 Untersuchung und Beurteilung philosophischer Lehren des Abendlandes im Lichte des vierten Weges -- $t4. Gesamtbefund und Folgerungen -- $t5. Die Prinzipien der Philosophie und die Methode des Realismus vor dem Hintergrund des vorrevolutionären intellektuellen Westdiskurses -- $t6. Literaturverzeichnis -- $tRegister 330 $a The contentious engagement with Western thought is one of the focal points of Iranian intellectual life. This volume examines two major figures in 20th century Iranian intellectual history, Muhammad Husayn Tabatabai? (1903-1981) and Mortaza Motahhari (1920-1979), and presents their historical views on Western and Islamic philosophy. It also describes the impact of their ideas on pre-revolutionary Iranian thinking. 410 0$aWelten des Islams - Worlds of Islam - Mondes de l'Islam 606 $aPhilosophy$zIran$xHistory 606 $aIslamic philosophy$zIran$xHistory 610 $aIntellectual history. 610 $aIslamic philosophy. 610 $ahistory of ideas. 615 0$aPhilosophy$xHistory. 615 0$aIslamic philosophy$xHistory. 676 $a181/.5 700 $aGo?sken$b Urs$01575781 801 0$bMiAaPQ 801 1$bMiAaPQ 801 2$bMiAaPQ 906 $aBOOK 912 $a9910788804103321 996 $aKritik der westlichen Philosophie in Iranhhari$93853032 997 $aUNINA LEADER 02593oas 2200985 a 450 001 9910247054703321 005 20260106110503.0 011 $a2095-0470 035 $a(DE-599)ZDB2635767-7 035 $a(OCoLC)769756057 035 $a(CONSER) 2018204267 035 $a(CKB)2670000000076564 035 $ahttps://learn360.infobase.com/titles/127708?aid= 035 $a(EXLCZ)992670000000076564 100 $a20111229a20119999 uy a 101 0 $aeng 135 $aur||||||||||| 181 $ctxt$2rdacontent 182 $cc$2rdamedia 183 $acr$2rdacarrier 200 00$aFrontiers of physics 210 $a[Beijing] $cHigher Education Press ;$aHeidelberg $cSpringer-Verlag$d©2010- 215 $a1 online resource 300 $aRefereed/Peer-reviewed 311 08$a2095-0462 517 1 $aFront. Phys 531 0 $aFront. Phys. 606 $aPhysics$vPeriodicals 606 $aAstronomy$vPeriodicals 606 $aPhysics$xResearch$vPeriodicals 606 $aAstronomy$xResearch$vPeriodicals 606 $aPhysical sciences$xResearch$vPeriodicals 606 $aAstronomy$2fast$3(OCoLC)fst00819673 606 $aAstronomy$xResearch$2fast$3(OCoLC)fst00819727 606 $aPhysical sciences$xResearch$2fast$3(OCoLC)fst01062737 606 $aPhysics$2fast$3(OCoLC)fst01063025 606 $aPhysics$xResearch$2fast$3(OCoLC)fst01063093 606 $aFísica$2thub 608 $aPeriodicals.$2fast 608 $aPeriodicals.$2lcgft 608 $aRevistes electròniques.$2thub 615 0$aPhysics 615 0$aAstronomy 615 0$aPhysics$xResearch 615 0$aAstronomy$xResearch 615 0$aPhysical sciences$xResearch 615 7$aAstronomy. 615 7$aAstronomy$xResearch. 615 7$aPhysical sciences$xResearch. 615 7$aPhysics. 615 7$aPhysics$xResearch. 615 7$aFísica. 676 $a530 801 0$bNUI 801 1$bNUI 801 2$bNUI 801 2$bTXA 801 2$bUKMGB 801 2$bOCLCO 801 2$bOCLCF 801 2$bOCLCO 801 2$bAU@ 801 2$bOCLCQ 801 2$bOCLCO 801 2$bOCLCQ 801 2$bKSU 801 2$bVT2 801 2$bUAB 801 2$bOCLCQ 801 2$bVYL 801 2$bWYU 801 2$bDLC 801 2$bAUD 801 2$bNJT 801 2$bWURST 801 2$bUBY 801 2$bCUS 801 2$bQGK 801 2$bSFB 801 2$bOCLCL 801 2$bOCLCQ 906 $aJOURNAL 912 $a9910247054703321 996 $aFrontiers of physics$91976126 997 $aUNINA